Welcome to the Holygrace Academy Library

Please use search bar below to get started

STARTREEK - DEEP SPACE 9 DAY OF HONOUR ANCIENT BLOOD (Record no. 7287)

MARC details
000 -LEADER
fixed length control field 00298nam a22001217a 4500
082 ## - DEWEY DECIMAL CLASSIFICATION NUMBER
Classification number 823
Item number DIA/S
100 ## - MAIN ENTRY--AUTHOR NAME
Personal name CAREY, DIANA
245 ## - TITLE STATEMENT
Title STARTREEK - DEEP SPACE 9 DAY OF HONOUR ANCIENT BLOOD
260 ## - PUBLICATION, DISTRIBUTION, ETC. (IMPRINT)
Place of publication NEWYORK
Name of publisher POCKET BOOKS
Year of publication 1997
300 ## - PHYSICAL DESCRIPTION
Number of Pages 280
650 ## - SUBJECT ADDED ENTRY--TOPICAL TERM
Topical Term ENGLISH STORY
Geographic subdivision INDIA
942 ## - ADDED ENTRY ELEMENTS (KOHA)
Koha item type Books
Holdings
Withdrawn status Lost status Collection code Home library Current library Date acquired Source of acquisition Cost, normal purchase price Full call number Accession Number Koha item type
Withdrawn Damaged Item Fiction Main Library Main Library 09/03/2002 purchase 132.00 823 DIA/S 00239 Books